000 00464cam a2200169ua 4500
003 OSt
005 20260209111814.0
008 260209b |||||||| |||| 00| 0 eng d
020 _a9788172336004
082 _a624.1517
_bUNI/SO
100 _aUnited States Department of Agriculture ,Handbook No. 18
_9704
245 _aSoil Survey Manual
260 _aJodhpur :
_bScientific Publishers ,
_c2012
300 _a437 ; .
500 _a20997-Reference
942 _cBK
999 _c12275
_d12275